[Event "LSS OP-2006-0-00135"]
[Site "LSS email"]
[Date "2006.08.31"]
[Round "?"]
[White "Bielderman, Guy"]
[Black "Jimenez, Walter"]
[Result "0-1"]
[WhiteElo "1604"]
[BlackElo "1211"]
[PlyCount "28"]
[EventDate "2006.08.30"]
[EventType "tourn (corr)"]
[EventRounds "4"]
[EventCountry "GER"]
[SourceTitle "Corr 2015"]
[Source "ChessBase"]
[SourceDate "2015.07.17"]
[SourceVersion "1"]
[SourceVersionDate "2015.07.17"]
[SourceQuality "1"]

1. f4 d5 2. Nf3 Nf6 3. e3 e6 4. b3 c5 5. Bb2 Be7 6. d4 Nc6 7. Nbd2 b6 8. Bd3 cxd4 9. exd4 0-0 10. Ne5 Qc7 11. 0-0 Nd7 12. Qh5 Nf6 13. Qh3 h6 14. a3 Nxe5 0-1